| 000 | 01584nam a2200385 a 4500 | ||
|---|---|---|---|
| 001 | ebr10479846 | ||
| 003 | CaPaEBR | ||
| 006 | m u | ||
| 007 | cr cn||||||||| | ||
| 008 | 030306s2003 enk sb 001 0 eng d | ||
| 010 | _z 2003005372 | ||
| 020 | _z0745319556 (hardback) | ||
| 020 | _z0745319548 (pbk) | ||
| 020 | _z9780745319551 | ||
| 020 | _z9781849641517 (e-book) | ||
| 040 |
_aCaPaEBR _cCaPaEBR |
||
| 035 | _a(OCoLC)53981949 | ||
| 050 | 1 | 4 |
_aHD75.6 _b.M534 2003eb |
| 082 | 0 | 4 |
_a338.9/27 _221 |
| 100 | 1 | _aMiddleton, Neil. | |
| 245 | 1 | 0 |
_aRio plus ten _h[electronic resource] : _bpolitics, poverty and the environment / _cNeil Middleton and Phil O'Keefe. |
| 260 |
_aLondon ; _aSterling, Va. : _bPluto Press, _c2003. |
||
| 300 | _aviii, 202 p. | ||
| 504 | _aIncludes bibliographical references and index. | ||
| 505 | 0 | _aWhat did they agree? -- Cold water -- Hot air -- Other business -- Development and duplicity. | |
| 533 |
_aElectronic reproduction. _bPalo Alto, Calif. : _cebrary, _d2013. _nAvailable via World Wide Web. _nAccess may be limited to ebrary affiliated libraries. |
||
| 611 | 2 | 0 |
_aWorld Summit on Sustainable Development _d(2002 : _cJohannesburg, South Africa) |
| 650 | 0 | _aSustainable development. | |
| 650 | 0 |
_aEnvironmental policy _xPolitical aspects. |
|
| 650 | 0 |
_aPoverty _xEnvironmental aspects. |
|
| 655 | 7 |
_aElectronic books. _2local |
|
| 700 | 1 | _aO'Keefe, Philip. | |
| 710 | 2 | _aebrary, Inc. | |
| 856 | 4 | 0 |
_uhttp://site.ebrary.com/lib/rucke/Doc?id=10479846 _zAn electronic book accessible through the World Wide Web; click to view |
| 999 |
_c117768 _d117768 |
||